Golf greens : History,design and construction

Zapisane w:
Opis bibliograficzny
1. autor: Hurdzan, Michael J.
Format: Książka
Język:Undetermined
Wydane: New Jersey Wiley 2004
Hasła przedmiotowe:
Etykiety: Dodaj etykietę
Nie ma etykietki, Dołącz pierwszą etykiete!
Thư viện lưu trữ: Trung tâm Học liệu Trường Đại học Cần Thơ
LEADER 00589nam a2200217Ia 4500
001 CTU_87566
008 210402s9999 xx 000 0 und d
020 |c 72.70 
082 |a 796.352 
082 |b H962 
100 |a Hurdzan, Michael J. 
245 0 |a Golf greens : 
245 0 |b History,design and construction 
245 0 |c Michael J. Hurdzan 
260 |a New Jersey 
260 |b Wiley 
260 |c 2004 
650 |a Golf courses,Golf courses 
650 |x Design and construction,Management 
904 |i Tuyến 
980 |a Trung tâm Học liệu Trường Đại học Cần Thơ